| 000 | 00617nam a2200217 a 4500 | ||
|---|---|---|---|
| 001 | 3190 | ||
| 003 | CO-ViMGA | ||
| 008 | 141112s2004 ck r 000 u spa d | ||
| 040 |
_aCO-ViMGA _bspa _cCO-ViMGA |
||
| 082 | 0 | 4 | _a530 A565r |
| 100 | 1 | _aAlonso, Marcelo | |
| 245 | 1 | 0 |
_aFísica / _cMarcela Alonso , Rojo Onofre |
| 260 |
_aWilmington : _bAddison Wesley, _c1986 |
||
| 300 | _a2 v | ||
| 500 | _aContiene : v.1, Mecánica y termodinámica; v.2, Campos y ondas. | ||
| 650 | 1 | 4 | _aCAMPOS Y HONDAS |
| 650 | 1 | 4 |
_aFISICA _94980 |
| 650 | 1 | 4 | _aMECANICA |
| 650 | 1 | 4 |
_aMECANICA y TERMODINAMICA _952587 |
| 942 |
_2ddc _cBK |
||
| 999 |
_c15240 _d15240 |
||